Animal sciences and environment issues/ (Record no. 154258)

MARC details
000 -LEADER
fixed length control field 00540nam a22001937a 4500
003 - CONTROL NUMBER IDENTIFIER
control field dpl
005 - DATE AND TIME OF LATEST TRANSACTION
control field 20180718124115.0
008 - FIXED-LENGTH DATA ELEMENTS--GENERAL INFORMATION
fixed length control field 180718b xxu||||| |||| 00| 0 eng d
020 ## - INTERNATIONAL STANDARD BOOK NUMBER
International Standard Book Number 8176489883
Terms of availability 0.00
035 ## - SYSTEM CONTROL NUMBER
System control number B-158784
040 ## - CATALOGING SOURCE
Original cataloging agency DPL
Language of cataloging EN
Transcribing agency 0
082 ## - DEWEY DECIMAL CLASSIFICATION NUMBER
Classification number 591
100 ## - MAIN ENTRY--PERSONAL NAME
Personal name Pandey, B N
245 ## - TITLE STATEMENT
Title Animal sciences and environment issues/
Statement of responsibility, etc by B N Pandey
260 ## - PUBLICATION, DISTRIBUTION, ETC. (IMPRINT)
Place of publication, distribution, etc New Delhi
Name of publisher, distributor, etc APH Publishing corporation
Date of publication, distribution, etc 2006
300 ## - PHYSICAL DESCRIPTION
Extent xi;, 258p.:
Dimensions 21cm.
500 ## - GENERAL NOTE
General note includes index
942 ## - ADDED ENTRY ELEMENTS (KOHA)
Source of classification or shelving scheme Dewey Decimal Classification
Koha item type English Books
Classification part 591
Call number suffix PAN

No items available.


© Delhi Public Library
Hit Counter
free hit counter